[Event "Chigorin Memorial 22nd"]
[Site "St Petersburg"]
[Date "2014.10.23"]
[Round "6"]
[White "Orel, Danil"]
[Black "Gokbulut, Julia"]
[Result "1/2-1/2"]
[WhiteElo "1841"]
[BlackElo "2086"]
[PlyCount "85"]
[EventDate "2014.10.18"]
[EventType "swiss"]
[EventRounds "9"]
[EventCountry "RUS"]
[SourceTitle "EXT 2015"]
[Source "ChessBase"]
[SourceDate "2014.11.20"]
[SourceVersion "1"]
[SourceVersionDate "2014.11.20"]
[SourceQuality "1"]

1. e4 c5 2. Nf3 a6 3. c3 e6 4. d4 d5 5. exd5 exd5 6. Be2 Nf6 7. 0-0 c4 8. b3 b5 9. a4 Bb7 10. axb5 axb5 11. Rxa8 Bxa8 12. bxc4 bxc4 13. Ne5 Qa5 14. Bf4 Be7 15. Nxc4 dxc4 16. Bxb8 0-0 17. Be5 Bd5 18. Bf3 Be6 19. Bxf6 Bxf6 20. Qc2 Rb8 21. Nd2 g6 22. Ne4 Be7 23. g3 Rb3 24. Rc1 Bf5 25. Be2 Qb5 26. Bf3 Rb2 27. Qd1 Kg7 28. Rc2 Ba3 29. Rxb2 Qxb2 30. Qe1 Qc2 31. g4 Bxe4 32. Bxe4 Qb2 33. Bd5 Qc1 34. Qxc1 Bxc1 35. Bxc4 Bb2 36. Kg2 Bxc3 37. d5 Be5 38. h3 Kf6 39. Kf3 Bd6 40. Ke4 g5 41. f3 h6 42. Kd4 Ba3 43. Ke4 1/2-1/2

[Event "Chigorin Memorial 22nd"]
[Site "St Petersburg"]
[Date "2014.10.22"]
[Round "5"]
[White "Petukhov, Vasily Nikolaevich"]
[Black "Orel, Danil"]
[Result "1/2-1/2"]
[WhiteElo "2113"]
[BlackElo "1841"]
[PlyCount "83"]
[EventDate "2014.10.18"]
[EventType "swiss"]
[EventRounds "9"]
[EventCountry "RUS"]
[SourceTitle "EXT 2015"]
[Source "ChessBase"]
[SourceDate "2014.11.20"]
[SourceVersion "1"]
[SourceVersionDate "2014.11.20"]
[SourceQuality "1"]

1. Nf3 d5 2. d4 e6 3. c4 c6 4. g3 f5 5. Bg2 Nf6 6. 0-0 Bd6 7. Nc3 0-0 8. Qc2 Qe7 9. Bf4 Ne4 10. Bxd6 Qxd6 11. c5 Qe7 12. Ne5 Nd7 13. Nxe4 Nxe5 14. Nd2 Nd7 15. f4 Nf6 16. b4 Bd7 17. a4 Rfc8 18. Rfb1 Be8 19. b5 b6 20. cxb6 axb6 21. bxc6 Rxc6 22. Qb3 Rac8 23. Nf3 Qc7 24. Ne5 Rc3 25. Qb4 Nd7 26. Qe7 Nxe5 27. Qxc7 R3xc7 28. dxe5 Kf7 29. Rxb6 Rc1+ 30. Rxc1 Rxc1+ 31. Kf2 Bxa4 32. Rb7+ Kf8 33. Bf3 Be8 34. Ke3 Rc3+ 35. Kd2 Rc4 36. Ke3 Rc3+ 37. Kf2 Rc4 38. Ra7 Bf7 39. Ra8+ Be8 40. Bh5 g6 41. Bf3 Ke7 42. Ra7+ 1/2-1/2

[Event "Chigorin Memorial 22nd"]
[Site "St Petersburg"]
[Date "2014.10.21"]
[Round "4"]
[White "Orel, Danil"]
[Black "Akopian, Agasi"]
[Result "1-0"]
[WhiteElo "1841"]
[BlackElo "1543"]
[PlyCount "62"]
[EventDate "2014.10.18"]
[EventType "swiss"]
[EventRounds "9"]
[EventCountry "RUS"]
[SourceTitle "EXT 2015"]
[Source "ChessBase"]
[SourceDate "2014.11.20"]
[SourceVersion "1"]
[SourceVersionDate "2014.11.20"]
[SourceQuality "1"]

1. e4 c5 2. Nf3 Nc6 3. c3 d5 4. exd5 Qxd5 5. d4 cxd4 6. cxd4 e6 7. Nc3 Bb4 8. Be2 Nf6 9. 0-0 Bxc3 10. bxc3 0-0 11. Be3 Qa5 12. Qb3 Qc7 13. c4 Rd8 14. Rfd1 b6 15. Rac1 Qe7 16. c5 bxc5 17. Rxc5 Bb7 18. Rdc1 Rac8 19. Bb5 Qd6 20. Qa4 Ne7 21. Qxa7 Bxf3 22. gxf3 Ra8 23. Qc7 Qxc7 24. Rxc7 Ned5 25. R7c2 Nb4 26. Rb2 Nxa2 27. Rcc2 Rab8 28. Rb3 Ra8 29. Bc6 Ra6 30. Rbb2 Rc8 31. Rxa2 Rcxc6 1-0

[Event "Chigorin Memorial 21st"]
[Site "St Petersburg"]
[Date "2013.10.11"]
[Round "7"]
[White "Orel, Danil"]
[Black "Kazakov, Maksym"]
[Result "1-0"]
[WhiteElo "1831"]
[BlackElo "2062"]
[PlyCount "93"]
[EventDate "2013.10.05"]
[EventType "swiss"]
[EventRounds "9"]
[EventCountry "RUS"]
[SourceTitle "CBM 156 Extra"]
[Source "ChessBase"]
[SourceDate "2013.10.22"]
[SourceVersion "1"]
[SourceVersionDate "2013.10.22"]
[SourceQuality "1"]

1. e4 d6 2. d4 Nf6 3. Nc3 e5 4. Nf3 Nbd7 5. Bc4 Be7 6. 0-0 0-0 7. h3 c6 8. a4 a5 9. Be3 Qc7 10. Qd2 h6 11. Rad1 Re8 12. Qe2 Bf8 13. dxe5 dxe5 14. Nh4 Nc5 15. Qf3 Be6 16. Bxe6 Nxe6 17. Bxh6 Nd4 18. Qg3 Nxe4 19. Qg4 f5 20. Nxf5 Nxf5 21. Qxf5 Nxc3 22. bxc3 Qf7 23. Qxf7+ Kxf7 24. Be3 Ke6 25. Rb1 Reb8 26. Bb6 Bd6 27. c4 Bb4 28. Rfd1 Re8 29. c5 Re7 30. Rb3 Ra6 31. c3 Rxb6 32. cxb6 Bc5 33. c4 Rf7 34. Rf3 Rxf3 35. gxf3 Bd4 36. Kf1 Kd6 37. Ke2 Kc5 38. Rg1 e4 39. fxe4 Kxc4 40. Rb1 Kc3 41. f4 Kc2 42. Rd1 Bxb6 43. Rd7 Bc5 44. Rxb7 Bb4 45. e5 Kb3 46. e6 Kxa4 47. Rxb4+ 1-0

[Event "Krasnodar Region Cup"]
[Site "Krasnodar"]
[Date "2013.01.28"]
[Round "6"]
[White "Orel, Danil"]
[Black "Volkov, Sergey1111"]
[Result "1-0"]
[WhiteElo "1789"]
[BlackElo "2043"]
[PlyCount "91"]
[EventDate "2013.01.23"]
[EventType "swiss"]
[EventRounds "8"]
[EventCountry "RUS"]
[SourceTitle "EXT 2023"]
[Source "ChessBase"]
[SourceDate "2022.10.05"]
[SourceVersion "1"]
[SourceVersionDate "2022.10.05"]
[SourceQuality "1"]

1. e4 c5 2. Nf3 d6 3. c3 Nf6 4. Be2 g6 5. 0-0 Bg7 6. Bb5+ Bd7 7. Bxd7+ Nbxd7 8. Qe2 e5 9. d4 0-0 10. dxe5 dxe5 11. Na3 Qc7 12. Nb5 Qc6 13. Nd2 a6 14. Na3 b5 15. b3 Rfd8 16. Rd1 Nf8 17. Bb2 Ne6 18. g3 Rxd2 19. Rxd2 Nxe4 20. Rd3 N6g5 21. f3 Nh3+ 22. Kg2 Neg5 23. Rad1 e4 24. fxe4 f5 25. Rd6 Qe8 26. Qd3 f4 27. Qd5+ Kf8 28. Bc1 f3+ 29. Kf1 Qxe4 30. Qxa8+ Qxa8 31. Rd8+ Qxd8 32. Rxd8+ Ke7 33. Bxg5+ Nxg5 34. Rd3 Be5 35. Nb1 Ke6 36. Nd2 Bf6 37. Nxf3 Ne4 38. Re3 Kf5 39. c4 b4 40. Ne1 Bg5 41. Rd3 Nc3 42. a4 Ke4 43. Rd6 Be3 44. Re6+ Kd4 45. Nc2+ Kd3 46. Nxe3 1-0

[Event "Krasnodar Region Cup"]
[Site "Krasnodar"]
[Date "2013.01.26"]
[Round "4"]
[White "Orel, Danil"]
[Black "Shamsijarov, Aleksandr"]
[Result "1-0"]
[WhiteElo "1789"]
[BlackElo "2017"]
[PlyCount "121"]
[EventDate "2013.01.23"]
[EventType "swiss"]
[EventRounds "8"]
[EventCountry "RUS"]
[SourceTitle "EXT 2023"]
[Source "ChessBase"]
[SourceDate "2022.10.05"]
[SourceVersion "1"]
[SourceVersionDate "2022.10.05"]
[SourceQuality "1"]

1. e4 c5 2. Nf3 Nc6 3. c3 e6 4. d4 d5 5. exd5 exd5 6. Bb5 a6 7. Bxc6+ bxc6 8. 0-0 Bd6 9. dxc5 Bxc5 10. Ne5 Ne7 11. Nd3 Bd6 12. Bf4 0-0 13. Qf3 Bf5 14. Bxd6 Qxd6 15. Nd2 c5 16. Nf4 Rab8 17. b3 g5 18. Ne2 Bd7 19. Rad1 Qg6 20. Qe3 Rfe8 21. Qxc5 Rbc8 22. Qa7 Bb5 23. c4 Nc6 24. Qb6 Rxe2 25. cxb5 axb5 26. Qxb5 Qe6 27. Nf3 h6 28. Rde1 Rxe1 29. Rxe1 Qd6 30. Qa6 Rd8 31. Rc1 Ne5 32. Qxd6 Nxf3+ 33. gxf3 Rxd6 34. Rd1 Kg7 35. Kf1 Kf6 36. Rd3 Ke5 37. Ke2 d4 38. a4 Kd5 39. f4 g4 40. Rd1 Kc5 41. Kd3 f5 42. Rc1+ Kb4 43. Rc4+ Kxb3 44. Rxd4 Rc6 45. Rd5 Kxa4 46. Rxf5 Kb4 47. Rh5 Rc3+ 48. Ke4 Kc4 49. Rxh6 Rf3 50. Kf5 Rxf2 51. Kxg4 Kd5 52. Kf5 Rg2 53. Kf6 Kd6 54. Rh7 Rf2 55. f5 Rg2 56. Kf7 Kd7 57. f6 Rf2 58. h4 Rh2 59. h5 Rh3 60. Kg8+ Ke6 61. f7 1-0

[Event "Doroshkevich Memorial op"]
[Site "Sochi"]
[Date "2012.11.30"]
[Round "5"]
[White "Orel, Danil"]
[Black "Barsegian, Ararat"]
[Result "0-1"]
[WhiteElo "1784"]
[BlackElo "2163"]
[PlyCount "108"]
[EventDate "2012.11.26"]
[EventType "swiss"]
[EventRounds "9"]
[EventCountry "RUS"]
[SourceTitle "EXT 2014"]
[Source "ChessBase"]
[SourceDate "2013.11.20"]
[SourceVersion "1"]
[SourceVersionDate "2013.11.20"]
[SourceQuality "1"]

1. e4 c5 2. Nf3 e6 3. c3 d5 4. exd5 Qxd5 5. d4 Nf6 6. Be2 Nc6 7. 0-0 cxd4 8. cxd4 Be7 9. Nc3 Qd8 10. Be3 0-0 11. Ne5 Nb4 12. Bf3 Nbd5 13. Qb3 Nxe3 14. fxe3 Bd6 15. Nc4 a6 16. Rad1 Bc7 17. a4 Rb8 18. Qc2 Qe7 19. e4 b5 20. axb5 axb5 21. Ne3 Bb6 22. e5 Nd7 23. Qe2 Qb4 24. Qd2 Rd8 25. Nc2 Qe7 26. Qf4 Nf8 27. Kh1 Ng6 28. Qg3 b4 29. Ne2 b3 30. Ne3 Ba6 31. Qg4 Nxe5 32. dxe5 Bxe3 33. Qe4 Bh6 34. Rg1 Bxe2 35. Bxe2 g6 36. Bf3 Bg7 37. Rxd8+ Qxd8 38. Re1 h5 39. h3 Qc7 40. Kg1 Rb5 41. Qa8+ Kh7 42. Qa4 Qc5+ 43. Kh1 Bxe5 44. Qe4 Bxb2 45. Qf4 Qf5 46. Qc4 Bg7 47. Rf1 b2 48. Be4 Qc5 49. Qd3 f5 50. Bf3 Rb6 51. Qb1 Qc3 52. g4 Qc4 53. gxf5 Qxf1+ 54. Qxf1 b1Q 0-1

[Event "Doroshkevich Memorial op"]
[Site "Sochi"]
[Date "2012.11.26"]
[Round "1"]
[White "Orel, Danil"]
[Black "Muromtsev, Arthur"]
[Result "0-1"]
[WhiteElo "1784"]
[BlackElo "2258"]
[PlyCount "48"]
[EventDate "2012.11.26"]
[EventType "swiss"]
[EventRounds "9"]
[EventCountry "RUS"]
[SourceTitle "EXT 2014"]
[Source "ChessBase"]
[SourceDate "2013.11.20"]
[SourceVersion "1"]
[SourceVersionDate "2013.11.20"]
[SourceQuality "1"]

1. e4 c6 2. d4 d5 3. Nd2 dxe4 4. Nxe4 Bf5 5. Ng3 Bg6 6. Nh3 e6 7. Nf4 Ne7 8. h4 Nd7 9. Bc4 Nf6 10. 0-0 Nfd5 11. h5 Nxf4 12. Bxf4 Bf5 13. Re1 Qd7 14. Be5 h6 15. Qf3 Bxc2 16. Rac1 Bh7 17. b4 a6 18. a4 Nd5 19. Bxd5 Qxd5 20. Qe3 f6 21. Bf4 Kf7 22. b5 axb5 23. axb5 Bb4 24. Red1 Qxb5 0-1

[Event "EU-ch U10"]
[Site "Albena"]
[Date "2011.09.17"]
[Round "6"]
[White "Qadimbayli, Qoshgar"]
[Black "Orel, Danil"]
[Result "1-0"]
[WhiteElo "1898"]
[BlackElo "1773"]
[PlyCount "87"]
[EventDate "2011.09.11"]
[EventType "swiss"]
[EventRounds "9"]
[EventCountry "BUL"]
[SourceTitle "CBM 144 Extra"]
[Source "ChessBase"]
[SourceDate "2011.10.28"]
[SourceVersion "1"]
[SourceVersionDate "2011.10.28"]
[SourceQuality "1"]

1. e4 e5 2. Nf3 Nf6 3. Nxe5 d6 4. Nf3 Nxe4 5. Nc3 Nxc3 6. dxc3 Nc6 7. Be3 Bg4 8. Be2 Qd7 9. Qd2 0-0-0 10. b4 Kb8 11. a4 Bxf3 12. Bxf3 Ne5 13. Be2 Be7 14. 0-0 Bf6 15. b5 Ng4 16. Bd4 Be5 17. h3 Nf6 18. a5 Bxd4 19. Qxd4 Qf5 20. b6 Qc5 21. bxc7+ Kxc7 22. Qd3 Qd5 23. Qg3 g6 24. Rab1 Ne4 25. Qe3 Ra8 26. Rb5 Qe6 27. Rfb1 Nc5 28. Rxc5+ dxc5 29. Qxc5+ Kb8 30. Bf3 b6 31. axb6 axb6 32. Rxb6+ Qxb6 33. Qxb6+ Kc8 34. Qc6+ Kd8 35. Qxa8+ Ke7 36. Qxh8 h5 37. Qd4 Kf8 38. Qf6 Kg8 39. c4 h4 40. c5 g5 41. c6 g4 42. c7 gxh3 43. c8Q+ Kh7 44. Qch8# 1-0

[Event "Krasnodar Region-ch"]
[Site "Krasnodar"]
[Date "2010.10.24"]
[Round "9"]
[White "Antipov, Valeriy"]
[Black "Orel, Danil"]
[Result "0-1"]
[WhiteElo "1845"]
[BlackElo "1692"]
[PlyCount "76"]
[EventDate "2010.10.16"]
[EventType "swiss"]
[EventRounds "9"]
[EventCountry "RUS"]
[SourceTitle "EXT 2022"]
[Source "ChessBase"]
[SourceDate "2021.10.06"]
[SourceVersion "1"]
[SourceVersionDate "2021.10.06"]
[SourceQuality "1"]

1. Nf3 f5 2. d3 Nf6 3. Nc3 Nc6 4. e4 e5 5. exf5 d6 6. Bg5 Bxf5 7. Nh4 Bg6 8. Nxg6 hxg6 9. Nd5 Be7 10. Bxf6 Bxf6 11. Qg4 Kf7 12. 0-0-0 Nd4 13. c3 Rh4 14. Qg3 Bg5+ 15. Kb1 Bf4 16. Nxf4 exf4 17. Qxh4 Qxh4 18. cxd4 Qxf2 19. Rc1 c6 20. d5 Rc8 21. dxc6 bxc6 22. d4 d5 23. Bd3 Qxd4 24. Bc2 Qe3 25. Rhf1 c5 26. Rf3 Qe5 27. Rcf1 g5 28. g3 Rb8 29. b3 Rb4 30. h4 gxh4 31. gxf4 Qf6 32. f5 Rg4 33. Re3 Qg5 34. Ree1 Rg2 35. Rd1 d4 36. Rfe1 h3 37. Re6 Rg1 38. Rxg1 Qxg1+ 0-1

[Event "Krasnodar Region-ch"]
[Site "Krasnodar"]
[Date "2010.10.18"]
[Round "3"]
[White "Volkov, Sergey1111"]
[Black "Orel, Danil"]
[Result "1-0"]
[WhiteElo "2045"]
[BlackElo "1692"]
[PlyCount "99"]
[EventDate "2010.10.16"]
[EventType "swiss"]
[EventRounds "9"]
[EventCountry "RUS"]
[SourceTitle "EXT 2022"]
[Source "ChessBase"]
[SourceDate "2021.10.06"]
[SourceVersion "1"]
[SourceVersionDate "2021.10.06"]
[SourceQuality "1"]

1. e4 e5 2. Nf3 Nf6 3. Nxe5 Nxe4 4. Qe2 Qe7 5. Qxe4 d6 6. d4 dxe5 7. Qxe5 Qxe5+ 8. dxe5 Bf5 9. c3 Nc6 10. Bb5 Be4 11. f3 Bd5 12. Be3 a6 13. Bxc6+ Bxc6 14. Nd2 0-0-0 15. 0-0-0 Be7 16. Nb3 Ba4 17. Rxd8+ Rxd8 18. Rd1 Rxd1+ 19. Kxd1 c5 20. Kd2 b6 21. Nc1 Kc7 22. Ne2 Bc6 23. c4 f6 24. Bf4 Kd7 25. Bg3 b5 26. b3 Bd8 27. Nc1 f5 28. Nd3 Be7 29. Bf2 Ke6 30. Bxc5 Bxc5 31. Nxc5+ Kxe5 32. Nxa6 bxc4 33. bxc4 Kd4 34. Nc7 Kxc4 35. Ne6 g6 36. Nf8 g5 37. Nxh7 g4 38. fxg4 fxg4 39. g3 Bd7 40. Nf6 Be6 41. Ke3 Kc5 42. a3 Kb5 43. Kf4 Ka4 44. Nxg4 Kxa3 45. h4 Kb4 46. Nf6 Bf7 47. g4 Kc5 48. Ke5 Kc6 49. h5 Kc7 50. g5 1-0

[Event "Krasnodar Region-ch"]
[Site "Krasnodar"]
[Date "2010.10.17"]
[Round "2"]
[White "Orel, Danil"]
[Black "Papazian, Sergey"]
[Result "1-0"]
[WhiteElo "1692"]
[BlackElo "1993"]
[PlyCount "85"]
[EventDate "2010.10.16"]
[EventType "swiss"]
[EventRounds "9"]
[EventCountry "RUS"]
[SourceTitle "EXT 2022"]
[Source "ChessBase"]
[SourceDate "2021.10.06"]
[SourceVersion "1"]
[SourceVersionDate "2021.10.06"]
[SourceQuality "1"]

1. e4 c5 2. Nf3 Nc6 3. Bb5 Nf6 4. Nc3 d6 5. 0-0 e5 6. d3 Be7 7. h3 0-0 8. Be3 Nd4 9. Bc4 Be6 10. Bb3 h6 11. Bxd4 cxd4 12. Ne2 Qd7 13. Kh2 Rac8 14. Rg1 b5 15. c3 dxc3 16. bxc3 Bd8 17. g4 g6 18. Qd2 Kg7 19. Ng3 Ng8 20. d4 Qc7 21. Rac1 Bc4 22. g5 h5 23. Bxc4 bxc4 24. Nh4 Re8 25. Qe2 Kf8 26. Nxh5 d5 27. Qf3 gxh5 28. Qxh5 exd4+ 29. Kh1 Qe5 30. Rce1 d3 31. f4 Qe6 32. Nf5 dxe4 33. g6 fxg6 34. Rxg6 Qf7 35. Nd6 Rc5 36. Rxg8+ Qxg8 37. Qxe8+ Kg7 38. Rg1+ Bg5 39. Qe7+ Kg6 40. Rxg5+ Rxg5 41. Qxg5+ Kh7 42. Qxg8+ Kxg8 43. Nxe4 1-0

[Event "Krasnodar Summer"]
[Site "Krasnodar"]
[Date "2010.07.01"]
[Round "10"]
[White "Chigrinova, Marina"]
[Black "Orel, Danil"]
[Result "1-0"]
[WhiteElo "1918"]
[BlackElo "1743"]
[PlyCount "93"]
[EventDate "2010.05.22"]
[EventType "tourn"]
[EventRounds "15"]
[EventCountry "RUS"]
[SourceTitle "EXT 2022"]
[Source "ChessBase"]
[SourceDate "2021.10.06"]
[SourceVersion "1"]
[SourceVersionDate "2021.10.06"]
[SourceQuality "1"]

1. e4 e5 2. Bc4 Nc6 3. Nf3 Nf6 4. d3 Be7 5. c3 0-0 6. Nbd2 d6 7. h3 Be6 8. Bb5 h6 9. Nf1 a6 10. Ba4 Nh7 11. g4 f6 12. Ng3 d5 13. Qe2 b5 14. Bc2 d4 15. Nh4 b4 16. Ba4 Na5 17. c4 c5 18. Nhf5 Nb7 19. Nh5 Bxf5 20. gxf5 Rf7 21. Bc6 Bd6 22. Bd5 Qe7 23. Qg4 Kh8 24. Bxf7 Qxf7 25. Rg1 Bf8 26. Bd2 Nd6 27. 0-0-0 a5 28. Rg3 a4 29. Rdg1 Ne8 30. Bxh6 Ra7 31. h4 Rb7 32. Qg6 Rd7 33. f4 exf4 34. Bxf4 Re7 35. R3g2 a3 36. b3 Rd7 37. Bh6 Re7 38. Nf4 Rd7 39. Ne6 Rb7 40. Bf4 Ra7 41. h5 Qxg6 42. hxg6 Ng5 43. Bxg5 fxg5 44. Nxf8 Kg8 45. Ne6 Ra6 46. Rh2 Nf6 47. Rgh1 1-0

[Event "Krasnodar Summer"]
[Site "Krasnodar"]
[Date "2010.06.28"]
[Round "7"]
[White "Orel, Danil"]
[Black "Frolov, Oleg"]
[Result "1/2-1/2"]
[WhiteElo "1743"]
[BlackElo "1785"]
[PlyCount "178"]
[EventDate "2010.05.22"]
[EventType "tourn"]
[EventRounds "15"]
[EventCountry "RUS"]
[SourceTitle "EXT 2022"]
[Source "ChessBase"]
[SourceDate "2021.10.06"]
[SourceVersion "1"]
[SourceVersionDate "2021.10.06"]
[SourceQuality "1"]

1. e4 c5 2. Nf3 Nc6 3. d4 cxd4 4. Nxd4 e6 5. Nc3 a6 6. Be3 Nge7 7. Be2 Nxd4 8. Bxd4 Nc6 9. Be3 b5 10. a4 b4 11. Na2 Bb7 12. b3 Qf6 13. 0-0 Be7 14. f4 e5 15. Bc4 Nd8 16. Qf3 0-0 17. f5 Nc6 18. g4 h6 19. c3 Rac8 20. cxb4 Bxb4 21. Nxb4 Nxb4 22. Rad1 d6 23. Qg2 g5 24. Qd2 Nc6 25. Qxd6 Kg7 26. Qxf6+ Kxf6 27. Rd6+ Kg7 28. Rd7 Na5 29. Bd5 Bxd5 30. Rxd5 Nxb3 31. Rxe5 Rc3 32. Bf2 Nd2 33. Bd4 Rd3 34. Rd5+ Kh7 35. Rc1 Nf3+ 36. Kf2 Nxd4 37. Rc4 Rf3+ 38. Kg2 Rf4 39. Rdxd4 Rxg4+ 40. Kf3 Rf4+ 41. Kg3 Rb8 42. Rb4 Rc8 43. Rbc4 Re8 44. Rc6 Rb8 45. Rxa6 Rb2 46. Rd7 Kg7 47. Re7 h5 48. Rg6+ Kf8 49. Rxg5 Rf1 50. f6 Rg1+ 51. Kf4 Rf2+ 52. Ke3 Rxf6 53. Rxg1 Kxe7 54. Rg5 Rh6 55. Kd4 h4 56. Re5+ Kd7 57. Rf5 Ke6 58. Rb5 Rh8 59. a5 h3 60. a6 Rd8+ 61. Ke3 Ra8 62. Rb6+ Ke5 63. Rb5+ Ke6 64. Rh5 Rxa6 65. Rh6+ f6 66. Kf4 Ra3 67. Rh5 Rb3 68. Rc5 Kd6 69. Ra5 Rb2 70. Kg3 Rg2+ 71. Kxh3 Rg8 72. Kh4 Rg7 73. h3 Rg8 74. Rf5 Rg7 75. Rf4 Ke5 76. Rf5+ Ke6 77. Kh5 Rg3 78. h4 Rg7 79. Kh6 Rg4 80. h5 Rxe4 81. Ra5 Rg4 82. Kh7 Kf7 83. h6 Rg5 84. Ra7+ Kf8 85. Rg7 Rh5 86. Kg6 Rh1 87. h7 Rg1+ 88. Kxf6 Rf1+ 89. Kg6 Rg1+ 1/2-1/2